[Event "Solingen-Poliot"]
[Site "?"]
[Date "1992.??.??"]
[Round "?"]
[White "Short, N."]
[Black "Sveshnikov, E."]
[Result "0-1"]
[WhiteElo "2685"]
[BlackElo "2560"]
[PlyCount "120"]
[EventDate "1992.??.??"]
[Source "ChessBase"]
[SourceDate "1992.02.01"]

1. e4 c5 2. g3 d5 3. exd5 Qxd5 4. Nf3 Bg4 5. Bg2 Qe6+ 6. Kf1 Nc6 7. h3 Bh5 8. Nc3 Qd7 9. d3 e6 10. a4 Nf6 11. a5 Rd8 12. g4 Bg6 13. Nh4 Be7 14. Nxg6 hxg6 15. h4 a6 16. Be3 Qc7 17. g5 Nh5 18. Bxc6+ Qxc6 19. Rh3 c4 20. Ra4 cxd3 21. cxd3 O-O 22. Bb6 Rc8 23. Qg4 Qd7 24. Qd4 Qe8 25. Re3 Rc6 26. Rc4 Qc8 27. Qe4 Bc5 28. d4 Bd6 29. Rxc6 bxc6 30. Ne2 Qd7 31. Rc3 Rc8 32. Kg2 Kh7 33. Kf1 Kg8 34. Qd3 Qb7 35. Qe4 Bb8 36. Rf3 Qd7 37. Bc5 Bc7 38. b4 Re8 39. Nc3 Bb8 40. Qg4 Qc7 41. Ne2 Ba7 42. Rd3 Rd8 43. Qe4 Rd5 44. Bxa7 Qxa7 45. Nc3 Rf5 46. Qxc6 Qb8 47. Rf3 Nf4 48. b5 Kh7 49. Qxa6 Qc7 50. b6 Qc6 51. d5 Nxd5 52. Nxd5 Rxf3 53. Ne3 Rf4 54. Qd3 Qf3 55. Qd2 Rxh4 56. Ke1 Rh1+ 57. Nf1 Qh3 58. Qe2 Qc3+ 59. Kd1 Qxa5 60. b7 Qd5+ 0-1

[Event "Corr"]
[Site "?"]
[Date "1998.02.01"]
[Round "?"]
[White "Korolev Sergey Ivanovich (R"]
[Black "Hamarat Tunc (OST)"]
[Result "1/2-1/2"]
[WhiteElo "2630"]
[BlackElo "2595"]
[PlyCount "51"]
[EventDate "1998.??.??"]
[Source "www.chesslib.no"]
[SourceDate "2004.05.04"]

1. e4 c5 2. g3 d5 3. exd5 Qxd5 4. Nf3 Bg4 5. Bg2 Qe6+ 6. Kf1 Nc6 7. h3 Bh5 8. Nc3 Nf6 9. d3 Qd7 10. Be3 e6 11. g4 Bg6 12. Nh4 Be7 13. Nxg6 hxg6 14. Ne4 b6 15. Nxf6+ Bxf6 16. c3 Rd8 17. Qe2 Qc7 18. Re1 Kf8 19. Bc1 Be7 20. Qe4 Rc8 21. Bf3 Bd6 22. Kg2 Ne7 23. Qa4 Nd5 24. d4 c4 25. Bxd5 exd5 26. Qd1 1/2-1/2

[Event "Heitmann Memorial"]
[Site "Heitmann Memorial"]
[Date "1990.??.??"]
[Round "?"]
[White "Korolev, Sergey Ivanovich"]
[Black "Nimtz, Manfred"]
[Result "1-0"]
[WhiteElo "2635"]
[BlackElo "2560"]
[PlyCount "75"]
[EventDate "1990.??.??"]
[Source "www.chesslib.no"]
[SourceDate "2004.05.04"]

1. e4 c5 2. g3 d5 3. exd5 Qxd5 4. Nf3 Bg4 5. Bg2 Qe6+ 6. Kf1 Nc6 7. h3 Bh5 8. Nc3 Qd7 9. d3 e6 10. Be3 Nf6 11. g4 Bg6 12. Nh4 Be7 13. Nxg6 hxg6 14. Ne4 Nxe4 15. dxe4 Qc7 16. c3 O-O 17. h4 Rad8 18. Qe2 Qd6 19. Rh3 e5 20. g5 Qd3 21. Bf3 f5 22. gxf6 gxf6 23. Qxd3 Rxd3 24. Rg3 Kh7 25. Ke2 Rdd8 26. Rag1 Rg8 27. Bg4 Bf8 28. Be6 Rg7 29. Rxg6 Rxg6 30. Bf5 Ne7 31. h5 Bh6 32. hxg6+ Kg7 33. Bxc5 Rd2+ 34. Kf3 Nxf5 35. exf5 b6 36. Be3 Bxe3 37. fxe3 Rxb2 38. Rg2 1-0

[Event "Chigorin Memorial 9297"]
[Site "Chigorin Memorial 9297"]
[Date "1992.??.??"]
[Round "?"]
[White "Veinger, Itzhak"]
[Black "Antonov, Vitaly Aleks'vich"]
[Result "1/2-1/2"]
[WhiteElo "2585"]
[BlackElo "2565"]
[PlyCount "42"]
[EventDate "1992.??.??"]
[Source "www.chesslib.no"]
[SourceDate "2004.05.04"]

1. e4 c5 2. g3 d5 3. exd5 Qxd5 4. Nf3 Bg4 5. Bg2 Qe6+ 6. Kf1 Nc6 7. h3 Bh5 8. Nc3 Nf6 9. d3 Qd7 10. Bf4 e6 11. g4 Bg6 12. Ne5 Nxe5 13. Bxe5 Bd6 14. Bxf6 gxf6 15. Qf3 f5 16. Qxb7 Qxb7 17. Bxb7 Rb8 18. Bc6+ Ke7 19. gxf5 Bxf5 20. Rb1 Be5 21. Ke2 Bxh3 1/2-1/2

[Event "Dubai op"]
[Site "Dubai"]
[Date "2001.04.20"]
[Round "6"]
[White "Minasian, Artashes"]
[Black "Yakovich, Yuri"]
[Result "1-0"]
[WhiteElo "2554"]
[BlackElo "2577"]
[PlyCount "75"]
[EventDate "2001.04.15"]
[Source "ChessBase"]
[SourceDate "2001.07.05"]

1. e4 c5 2. g3 d5 3. exd5 Qxd5 4. Nf3 Nc6 5. Bg2 Qe6+ 6. Kf1 g6 7. Nc3 Bg7 8. d3 Nf6 9. a4 O-O 10. a5 h6 11. Be3 c4 12. d4 Nb4 13. Qd2 Qf5 14. Ne1 Ng4 15. Kg1 Nxe3 16. fxe3 e5 17. e4 Qg5 18. Qxg5 hxg5 19. d5 Bd7 20. Nd1 b5 21. Nf2 f5 22. h3 Bf6 23. g4 Be7 24. c3 Na6 25. Nf3 Bc5 26. gxf5 gxf5 27. Nxg5 Be3 28. h4 Nc5 29. Re1 Bxf2+ 30. Kxf2 Nd3+ 31. Ke3 f4+ 32. Kd2 Nxe1 33. Kxe1 Kg7 34. Bh3 Bxh3 35. Rxh3 Rg8 36. Kd2 Kf6 37. Rh1 Rab8 38. Rd1 1-0

[Event "Solingen - Reykjavik"]
[Site "?"]
[Date "1990.??.??"]
[Round "?"]
[White "Short, N."]
[Black "Hjartarson, J."]
[Result "1-0"]
[WhiteElo "2610"]
[BlackElo "2520"]
[PlyCount "59"]
[EventDate "1990.??.??"]
[Source "ChessBase"]
[SourceDate "1990.07.01"]

1. e4 c5 2. g3 d5 3. exd5 Qxd5 4. Nf3 Bg4 5. Bg2 Qe6+ 6. Kf1 Nc6 7. h3 Bh5 8. Nc3 Nf6 9. d3 Qd7 10. a4 e6 11. a5 Rc8 12. g4 Bg6 13. Nh4 Be7 14. Nxg6 hxg6 15. h4 O-O 16. h5 gxh5 17. g5 Ng4 18. Rxh5 f5 19. gxf6 Nxf6 20. Rh3 Nd4 21. Ne4 Nf5 22. Ng5 g6 23. c3 c4 24. Qe2 cxd3 25. Qxe6+ Qxe6 26. Nxe6 Rfe8 27. Rxd3 Bd6 28. Nd4 Nxd4 29. Rxd4 Bc5 30. Rc4 1-0

[Event "EU-chT2 f (CCYB"]
[Site "EU-chT2 f (CCYB"]
[Date "1986.??.??"]
[Round "?"]
[White "Korolev, Sergey Ivanovich"]
[Black "Privara, Dr. Igor"]
[Result "1-0"]
[WhiteElo "2610"]
[BlackElo "2520"]
[PlyCount "75"]
[EventDate "1986.??.??"]
[Source "www.chesslib.no"]
[SourceDate "2004.05.04"]

1. e4 c5 2. g3 Nc6 3. Bg2 g6 4. d3 Bg7 5. f4 d6 6. Nf3 e5 7. O-O Nge7 8. f5 gxf5 9. Nh4 fxe4 10. dxe4 O-O 11. Nf5 Nxf5 12. exf5 f6 13. Be3 Ne7 14. g4 Rb8 15. Nc3 b6 16. Qd3 Bb7 17. Rad1 Nc6 18. a3 Nd4 19. Nd5 Qd7 20. c3 Qf7 21. Qe4 Rfe8 22. Rd2 Kh8 23. g5 fxg5 24. Bxg5 Qh5 25. h4 Nb3 26. Rd3 Qf7 27. f6 Bf8 28. Rg3 b5 29. h5 c4 30. Qh4 h6 31. Be3 Bxd5 32. Bxd5 Qxd5 33. f7 Be7 34. Rf6 Qd1+ 35. Kh2 Qc2+ 36. Kh3 Qh7 37. Rgg6 Rf8 38. Qf2 1-0

[Event "Belavenets Memorial Open"]
[Site "Smolensk RUS"]
[Date "1991.??.??"]
[Round "?"]
[White "Balashov, Yuri S"]
[Black "Magerramov, Elmar"]
[Result "1/2-1/2"]
[WhiteElo "2590"]
[BlackElo "2525"]
[PlyCount "88"]
[EventDate "1991.??.??"]
[Source "www.chesslib.no"]
[SourceDate "2004.05.04"]

1. e4 c5 2. g3 Nc6 3. Bg2 g6 4. d3 Bg7 5. f4 d6 6. Nf3 e6 7. O-O Nge7 8. c3 O-O 9. Be3 b6 10. Bf2 e5 11. Na3 h6 12. Nh4 exf4 13. gxf4 Rb8 14. Bg3 f5 15. Nc2 Qe8 16. Ne3 Qf7 17. Bf3 Be6 18. Qe2 Rbd8 19. Qg2 d5 20. Nxg6 Qxg6 21. exd5 Nxd5 22. Nxd5 Qf7 23. Nxb6 axb6 24. Bxc6 Rxd3 25. a3 Rfd8 26. Rae1 R8d6 27. Re2 Kh7 28. Rfe1 Bc4 29. Be8 Qf6 30. Re7 Bd5 31. Bh4 Qxe7 32. Bxe7 Bxg2 33. Bxd6 Be4 34. Bc7 Rd2 35. Bxb6 Rg2+ 36. Kf1 Rxb2 37. Bxc5 Bxc3 38. Rd1 Rxh2 39. Rd7+ Kh8 40. Bb4 Bxb4 41. axb4 h5 42. Bg6 h4 43. Rh7+ Kg8 44. Rh5 Rb2 1/2-1/2

[Event "GER-ARM"]
[Site "Baden-Baden"]
[Date "1996.??.??"]
[Round "3"]
[White "Minasian, Artashes"]
[Black "Stangl, Markus"]
[Result "1/2-1/2"]
[WhiteElo "2540"]
[BlackElo "2565"]
[PlyCount "144"]
[EventDate "1996.07.31"]
[Source "ChessBase"]

1. e4 c5 2. g3 d5 3. exd5 Qxd5 4. Nf3 Bg4 5. Bg2 Qe6+ 6. Kf1 Nc6 7. h3 Bh5 8. Nc3 Qd7 9. d3 e6 10. a4 Rd8 11. g4 Bg6 12. Nh4 Nf6 13. a5 Be7 14. a6 b6 15. Nxg6 hxg6 16. h4 Nd5 17. g5 Nd4 18. h5 gxh5 19. Nxd5 exd5 20. c3 Nc6 21. Rxh5 Rxh5 22. Qxh5 Qf5 23. Qh8+ Bf8 24. Qh3 Qxh3 25. Bxh3 d4 26. Ke2 Na5 27. Bf4 Bd6 28. Bxd6 Rxd6 29. b4 cxb4 30. cxb4 Nc6 31. b5 Nb4 32. Kd2 Nd5 33. Bg2 Nc3 34. Bc6+ Ke7 35. Kc2 Re6 36. Kb3 Re5 37. f4 Rc5 38. Kb4 Kd6 39. Rh1 Na2+ 40. Ka3 Nc1 41. Be4 Rc3+ 42. Kb4 Na2+ 43. Ka4 Rc5 44. Rh7 Nc3+ 45. Kb4 Rxb5+ 46. Kc4 Rc5+ 47. Kxd4 f5 48. gxf6 gxf6 49. Rh6 Ke7 50. Rh7+ Kd6 51. Rf7 Ke6 52. Bg6 f5 53. Rb7 Nb5+ 54. Ke3 Kd6 55. Rf7 Ke6 56. Kd2 Nc7 57. d4 Rc4 58. Kd3 Rc1 59. Kd2 Rc4 60. Kd3 Rc1 61. Rxf5 Nxa6 62. d5+ Kd6 63. Rf6+ Ke7 64. Re6+ Kd7 65. Kd4 Nc7 66. Re5 Kd6 67. Rh5 Nb5+ 68. Ke3 Re1+ 69. Kd2 Rf1 70. Bd3 Rxf4 71. Bxb5 Rd4+ 72. Kc3 Rxd5 1/2-1/2

[Event "XXI Carlos Torre KO"]
[Site "Merida MES"]
[Date "2008.12.17"]
[Round "1.4"]
[White "Leon Hoyos, M."]
[Black "Meier, Geo"]
[Result "0-1"]
[WhiteElo "2535"]
[BlackElo "2558"]
[PlyCount "35"]
[EventDate "2008.12.17"]
[Source "www.chesslib.no"]
[SourceDate "2004.05.04"]

1. e4 c5 2. g3 e6 3. Bg2 Nc6 4. f4 d5 5. d3 Nf6 6. e5 Nd7 7. Nf3 b5 8. O-O Be7 9. Be3 a5 10. Nbd2 Ba6 11. Bf2 b4 12. Re1 O-O 13. Nf1 a4 14. Ne3 Qc7 15. c4 bxc3 16. bxc3 a3 17. Rc1 Rab8 18. c4 0-1

[Event "It"]
[Site "?"]
[Date "1992.04.??"]
[Round "5"]
[White "Morovic Fernandez Ivan E"]
[Black "Franco Ocampos Zenon"]
[Result "1-0"]
[WhiteElo "2565"]
[BlackElo "2520"]
[PlyCount "115"]
[EventDate "1992.??.??"]
[Source "www.chesslib.no"]
[SourceDate "2004.05.04"]

1. e4 c5 2. g3 Nc6 3. Bg2 g6 4. d3 Bg7 5. f4 d6 6. Nf3 e5 7. c3 Nge7 8. O-O O-O 9. Nh4 exf4 10. gxf4 f5 11. Nd2 Kh8 12. Ndf3 Be6 13. Ng5 Bg8 14. exf5 Nxf5 15. Nxf5 gxf5 16. Be3 Qf6 17. Rf3 Rae8 18. Rh3 h6 19. Bf2 Ne7 20. d4 b6 21. Bh4 Qg6 22. Bf3 Bf7 23. Bg3 Bd5 24. Bh5 Qf6 25. dxc5 dxc5 26. Bxe8 Rxe8 27. Qh5 Rf8 28. Re1 Kg8 29. Nf3 Be4 30. Ne5 Qe6 31. Bh4 Nc6 32. Nxc6 Qxc6 33. Rg3 Kh7 34. Kf2 Qd6 35. Rd1 Qxf4+ 36. Kg1 Qc7 37. Qg6+ Kh8 38. Qe6 Qf7 39. Qxf7 Rxf7 40. Rd8+ Kh7 41. Kf2 b5 42. Re8 Bf8 43. Rg1 c4 44. Ke1 a5 45. Bf2 Bg7 46. Bd4 Bxd4 47. cxd4 Rd7 48. Re5 b4 49. Rc5 Rxd4 50. Rc7+ Kh8 51. Rc8+ Kh7 52. Rc7+ Kh8 53. Rgg7 Bd3 54. Rh7+ Kg8 55. Rcg7+ Kf8 56. Ra7 Kg8 57. Rhc7 Rd8 58. Kf2 1-0

[Event "Asuncion"]
[Site "Asuncion PAR"]
[Date "1992.??.??"]
[Round "5"]
[White "Morovic Fernandez, Ivan E"]
[Black "Franco Ocampos, Zenon"]
[Result "1-0"]
[WhiteElo "2565"]
[BlackElo "2520"]
[PlyCount "115"]
[EventDate "1992.04.??"]
[Source "www.chesslib.no"]
[SourceDate "2004.05.04"]

1. e4 c5 2. g3 Nc6 3. Bg2 g6 4. d3 Bg7 5. f4 d6 6. Nf3 e5 7. c3 Nge7 8. O-O O-O 9. Nh4 exf4 10. gxf4 f5 11. Nd2 Kh8 12. Ndf3 Be6 13. Ng5 Bg8 14. exf5 Nxf5 15. Nxf5 gxf5 16. Be3 Qf6 17. Rf3 Rae8 18. Rh3 h6 19. Bf2 Ne7 20. d4 b6 21. Bh4 Qg6 22. Bf3 Bf7 23. Bg3 Bd5 24. Bh5 Qf6 25. dxc5 dxc5 26. Bxe8 Rxe8 27. Qh5 Rf8 28. Re1 Kg8 29. Nf3 Be4 30. Ne5 Qe6 31. Bh4 Nc6 32. Nxc6 Qxc6 33. Rg3 Kh7 34. Kf2 Qd6 35. Rd1 Qxf4+ 36. Kg1 Qc7 37. Qg6+ Kh8 38. Qe6 Qf7 39. Qxf7 Rxf7 40. Rd8+ Kh7 41. Kf2 b5 42. Rc8 Bf8 43. Rg1 c4 44. Ke1 a5 45. Bf2 Bg7 46. Bd4 Bxd4 47. cxd4 Rd7 48. Rc5 b4 49. Re5 Rxd4 50. Re7+ Kh8 51. Re8+ Kh7 52. Re7+ Kh8 53. Rgg7 Bd3 54. Rh7+ Kg8 55. Reg7+ Kf8 56. Ra7 Kg8 57. Rhc7 Rd8 58. Kf2 1-0

[Event "Dubna"]
[Site "Dubna"]
[Date "1979.??.??"]
[Round "?"]
[White "Suetin, Alexei S"]
[Black "Sveshnikov, Evgeny E"]
[Result "1/2-1/2"]
[WhiteElo "2535"]
[BlackElo "2545"]
[PlyCount "121"]
[EventDate "1979.??.??"]
[Source "www.chesslib.no"]
[SourceDate "2004.05.04"]

1. e4 c5 2. g3 d5 3. exd5 Qxd5 4. Nf3 Bg4 5. Bg2 Qe6+ 6. Kf1 Nc6 7. h3 Bh5 8. d3 Qd7 9. g4 Bg6 10. Nh4 e6 11. Nxg6 hxg6 12. Nc3 Nf6 13. Be3 Be7 14. Ne4 b6 15. Nxf6+ Bxf6 16. c3 O-O 17. h4 Rad8 18. g5 Be5 19. Qe2 Ne7 20. Rd1 Qc7 21. h5 Nf5 22. Qg4 Rd7 23. Be4 Rfd8 24. hxg6 fxg6 25. Rh3 b5 26. Kg2 a6 27. Bc1 Kf7 28. Re1 Re7 29. a4 Qc8 30. axb5 axb5 31. Qd1 Rh8 32. Bxf5 exf5 33. Rxh8 Qxh8 34. f4 Bd6 35. Qb3+ c4 36. Rxe7+ Kxe7 37. Qxb5 Qa8+ 38. Kg3 Qh1 39. Be3 Qe1+ 40. Bf2 Qe2 41. Qb7+ Ke6 42. Qc8+ Ke7 43. Qb7+ Ke6 44. Qf3 Qxd3 45. Qxd3 cxd3 46. Be1 Kd5 47. Kf3 Kc4 48. Ke3 Kb3 49. Kxd3 Bxf4 50. Bd2 Bc7 51. c4 Kxb2 52. Bc3+ Kb3 53. Bxg7 f4 54. Bf8 Bd8 55. c5 Bxg5 56. c6 Bd8 57. Bd6 f3 58. Ke3 Kc4 59. Kxf3 Kd5 60. c7 Bxc7 61. Bxc7 1/2-1/2

[Event "51st New York Masters"]
[Site "New York"]
[Date "2003.04.08"]
[Round "2"]
[White "Yudasin, Leonid"]
[Black "Milman, Lev"]
[Result "1-0"]
[WhiteElo "2666"]
[BlackElo "2414"]
[PlyCount "69"]
[EventDate "2003.04.08"]
[Source "Roberto Alvarez"]
[SourceDate "2003.05.19"]

1. e4 c5 2. g3 d5 3. exd5 Qxd5 4. Nf3 Bg4 5. Be2 Nc6 6. h3 Bf5 7. Nc3 Qd7 8. g4 Bg6 9. d3 e6 10. Be3 Nf6 11. Qd2 Nd5 12. O-O-O O-O-O 13. Kb1 Be7 14. Nxd5 exd5 15. Bf4 f6 16. Rhe1 d4 17. Nh4 Bf7 18. g5 h5 19. gxh6 g6 20. b3 Nb4 21. Bf3 f5 22. Bg5 Bxg5 23. Qxg5 Qd6 24. a3 Nc6 25. Bxc6 bxc6 26. Re7 Rd7 27. Rde1 c4 28. dxc4 d3 29. Rxd7 Kxd7 30. Rd1 Bxc4 31. bxc4 Rb8+ 32. Ka2 Qe5 33. Rxd3+ Kc7 34. Rb3 Rxb3 35. Kxb3 1-0

[Event "WICC qual Dubai sf 25'+10"]
[Site "?"]
[Date "2001.09.27"]
[Round "2"]
[White "Svetushkin Dmitry"]
[Black "Fressinet Laurent"]
[Result "1/2-1/2"]
[WhiteElo "2461"]
[BlackElo "2606"]
[PlyCount "113"]
[EventDate "2001.??.??"]
[Source "www.chesslib.no"]
[SourceDate "2004.05.04"]

1. e4 c5 2. g3 Nc6 3. Bg2 g6 4. d3 Bg7 5. f4 d6 6. Nf3 Nf6 7. O-O O-O 8. h3 b5 9. g4 a5 10. a4 bxa4 11. Nc3 Rb8 12. Nxa4 Bb7 13. Bd2 Nb4 14. Bc3 c4 15. Re1 cxd3 16. cxd3 Ba6 17. Bf1 Nd7 18. Bxg7 Kxg7 19. d4 Bxf1 20. Rxf1 Nf6 21. Nc3 Qb6 22. Re1 Rfc8 23. Qd2 d5 24. exd5 Nbxd5 25. g5 Qxb2 26. gxf6+ Nxf6 27. Qxb2 Rxb2 28. Nd1 Rb3 29. Ne5 Rxh3 30. Rxa5 Rc1 31. Kg2 Rb3 32. Rc5 Ra1 33. Re3 Rbb1 34. Nf2 Ra4 35. Rd3 Ra2 36. Rf3 Rd1 37. Ra5 Rc2 38. Ra7 Nd5 39. Nc6 Re1 40. Ne5 Ne3+ 41. Rxe3 Rxe3 42. Rxe7 Ree2 43. Rxf7+ Kg8 44. Rd7 Rxf2+ 45. Kg3 Rfd2 46. Ng4 Rc6 47. d5 Ra6 48. Kh4 h5 49. Ne5 Kf8 50. Kg5 Ke8 51. d6 Raxd6 52. Rxd6 Rxd6 53. Nxg6 Rxg6+ 54. Kxg6 h4 55. Kg7 h3 56. f5 h2 57. f6 1/2-1/2

[Event "Neu Isenburg Open"]
[Site "Neu Isenburg"]
[Date "1992.04.25"]
[Round "4"]
[White "King, Daniel J"]
[Black "Sveshnikov, Evgeny E"]
[Result "0-1"]
[WhiteElo "2505"]
[BlackElo "2560"]
[PlyCount "102"]
[EventDate "1992.04.24"]
[Source "www.chesslib.no"]
[SourceDate "2004.05.04"]

1. e4 c5 2. g3 d5 3. exd5 Qxd5 4. Nf3 Bg4 5. Bg2 Qe6+ 6. Kf1 Nc6 7. h3 Bh5 8. d3 Qd7 9. g4 Bg6 10. Nh4 e6 11. Na3 Be7 12. Nxg6 hxg6 13. Nc4 Nf6 14. a4 Nd5 15. Bd2 g5 16. a5 Rd8 17. c3 g6 18. Qe2 Kf8 19. Be4 Kg7 20. Bf3 Bf6 21. Be4 b5 22. axb6 axb6 23. Na3 Na5 24. Be3 Qc7 25. Nb5 Qb8 26. Qf3 Nc6 27. Kg2 Be7 28. Qg3 Qxg3+ 29. Kxg3 f5 30. Bxd5 Rxd5 31. Kg2 Rxd3 32. Ra6 Rb8 33. Re1 Rb7 34. Bc1 Kf7 35. Na3 Na5 36. Nb5 Rd8 37. Be3 Nc4 38. Bc1 Bf6 39. Ra4 Ne5 40. Be3 Nd3 41. Rb1 e5 42. f3 Re7 43. Ra6 e4 44. fxe4 Rxe4 45. Bg1 Nf4+ 46. Kf1 Nxh3 47. Rxb6 Rf4+ 48. Kg2 Rxg4+ 49. Kf3 Nxg1+ 50. Kf2 Rd2+ 51. Ke3 Re2+ 0-1

[Event "WICC qual Dubai f 25'+10"]
[Site "?"]
[Date "2001.10.16"]
[Round "7"]
[White "Svetushkin Dmitry"]
[Black "Nielsen Peter Heine"]
[Result "0-1"]
[WhiteElo "2461"]
[BlackElo "2593"]
[PlyCount "142"]
[EventDate "2001.??.??"]
[Source "www.chesslib.no"]
[SourceDate "2004.05.04"]

1. e4 c5 2. g3 g6 3. Bg2 Bg7 4. d3 d6 5. f4 Nf6 6. Nf3 O-O 7. O-O Nc6 8. h3 b5 9. g4 a5 10. a4 bxa4 11. Nc3 Rb8 12. Nxa4 Nd7 13. Bd2 Nb6 14. Bc3 Nxa4 15. Rxa4 Bxc3 16. bxc3 Bd7 17. Ra1 Qc7 18. Qc1 f6 19. f5 Kg7 20. h4 Rg8 21. Kh1 Kh8 22. Qf4 gxf5 23. exf5 Ne5 24. g5 Bc6 25. g6 Rb2 26. Rac1 a4 27. h5 Qb7 28. Kg1 Nxf3+ 29. Bxf3 Bxf3 30. Rxf3 a3 31. Qh6 e5 32. fxe6 a2 33. Ra1 Qg7 34. Qf4 f5 35. d4 hxg6 36. h6 Qb7 37. dxc5 dxc5 38. Kh2 Re8 39. Qe5+ Kh7 40. Kg3 Rxc2 41. Rd1 Qb8 42. Qxb8 Rxb8 43. Kf4 Kxh6 44. Ke5 Re2+ 45. Kf6 Rf8+ 46. Ke7 Kg7 47. c4 Rf6 48. Ra3 Rexe6+ 49. Kd7 Ra6 50. Rxa6 Rxa6 51. Ra1 f4 52. Kc7 f3 53. Kb7 Ra3 54. Kc6 f2 55. Kxc5 f1=Q 56. Rxf1 a1=Q 57. Rxa1 Rxa1 58. Kd6 g5 59. c5 g4 60. c6 g3 61. c7 Rc1 62. Kd7 g2 63. c8=Q Rxc8 64. Kxc8 g1=Q 65. Kd7 Qe1 66. Kc6 Qd2 67. Kb5 Kf6 68. Ka4 Qb2 69. Ka5 Ke6 70. Ka4 Kd6 71. Ka5 Kc5 0-1

[Event "Bad Homburg"]
[Site "Bad Homburg"]
[Date "1998.07.20"]
[Round "4"]
[White "Hort, Vlastimil"]
[Black "Lobron, Eric"]
[Result "1/2-1/2"]
[WhiteElo "2510"]
[BlackElo "2540"]
[PlyCount "41"]
[EventDate "1998.07.17"]
[Source "ChessBase"]
[SourceDate "1998.09.30"]

1. e4 c5 2. g3 g6 3. Bg2 Bg7 4. f4 Nc6 5. Nf3 d5 6. e5 Nh6 7. O-O O-O 8. Nc3 d4 9. Ne4 d3 10. cxd3 b6 11. Nf2 Bb7 12. b3 Qc7 13. Bb2 Rad8 14. a3 a5 15. Rc1 Nf5 16. Qe2 f6 17. Rc4 Ba6 18. Re4 Bb7 19. Rc4 Ba6 20. Re4 Bb7 21. Rc4 1/2-1/2

[Event "Oxford GM-A"]
[Site "Oxford"]
[Date "1998.12.16"]
[Round "3"]
[White "Turner, Matthew"]
[Black "Sutovsky, Emil"]
[Result "1-0"]
[WhiteElo "2475"]
[BlackElo "2575"]
[PlyCount "41"]
[EventDate "1998.12.14"]
[Source "ChessBase"]
[SourceDate "1999.04.01"]

1. e4 c5 2. g3 d5 3. exd5 Qxd5 4. Nf3 Bg4 5. Bg2 Qe6+ 6. Kf1 Nc6 7. h3 Bh5 8. d3 O-O-O 9. Be3 Qf6 10. Nbd2 Nd4 11. Rb1 Qa6 12. b4 Qxa2 13. Bxd4 cxd4 14. Ra1 Qb2 15. g4 Bg6 16. Rxa7 Kb8 17. Nc4 Qxb4 18. Qa1 Nf6 19. Nxd4 Be4 20. Bxe4 Nxe4 21. Nc6+ 1-0

[Event "ARM Ch"]
[Site "Erevan ARM"]
[Date "1996.??.??"]
[Round "6"]
[White "Minasian, Artashes"]
[Black "Petrosian, Arshak B"]
[Result "1-0"]
[WhiteElo "2580"]
[BlackElo "2465"]
[PlyCount "87"]
[EventDate "1996.??.??"]
[Source "www.chesslib.no"]
[SourceDate "2004.05.04"]

1. e4 c5 2. g3 Nc6 3. Bg2 g6 4. d3 Bg7 5. f4 d6 6. Nf3 e5 7. O-O Nge7 8. c3 O-O 9. f5 gxf5 10. Nh4 fxe4 11. dxe4 Kh8 12. Na3 Be6 13. Nf5 Bxf5 14. exf5 f6 15. Be3 b6 16. Qa4 Qd7 17. Rad1 Rad8 18. Qh4 d5 19. g4 e4 20. Bxe4 Qe8 21. Bc2 Nxf5 22. Rxf5 Qxe3+ 23. Kf1 Rde8 24. Rdxd5 h6 25. Rf2 Ne5 26. Kg2 f5 27. Bxf5 c4 28. Qg3 Qc1 29. Qf4 Qxf4 30. Rxf4 Nd3 31. Rxc4 Nxb2 32. Rc7 Rd8 33. c4 Nd1 34. Kf3 Nc3 35. Rxd8 Rxd8 36. Rxa7 Bf8 37. Nb5 Nxb5 38. cxb5 Rd2 39. h4 Kg8 40. g5 hxg5 41. hxg5 Bc5 42. Be6+ Kf8 43. g6 Rf2+ 44. Kg3 1-0

[Event "otb"]
[Site "otb"]
[Date "2007.03.25"]
[Round "11"]
[White "Motwani Paul"]
[Black "Chuchelov Vladimir"]
[Result "0-1"]
[WhiteElo "2505"]
[BlackElo "2539"]
[PlyCount "96"]
[Source "www.chesslib.no"]
[SourceDate "2004.05.04"]

1. e4 c5 2. g3 e6 3. Bg2 Nc6 4. Ne2 Nf6 5. O-O Be7 6. d4 d5 7. exd5 Nxd5 8. dxc5 O-O 9. a3 Bxc5 10. b4 Be7 11. c4 Nf6 12. Bb2 Qc7 13. Nbc3 Rd8 14. Nb5 Qb8 15. Qb3 a5 16. Rad1 Rxd1 17. Rxd1 e5 18. Nec3 axb4 19. axb4 Bg4 20. f3 Bd7 21. Nd5 Nxd5 22. cxd5 Nd4 23. Nxd4 exd4 24. Qd3 Bxb4 25. Qxd4 Bf8 26. Bf1 Ra4 27. Qe3 Qd6 28. Be5 Qc5 29. Qxc5 Bxc5+ 30. Kh1 f6 31. Bc7 Kf7 32. Rc1 b6 33. d6 Bc6 34. Bg2 Rd4 35. f4 Bd7 36. h4 Rd3 37. Be4 Rxg3 38. Bd5+ Be6 39. Bxe6+ Kxe6 40. Re1+ Re3 41. Rb1 Rd3 42. Rb5 Rh3+ 43. Kg2 Rxh4 44. f5+ Kd7 45. Bxb6 Bxd6 46. Be3 Kc6 47. Rb6+ Kd5 48. Rb5+ Ke4 0-1

[Event "Tashkent"]
[Site "?"]
[Date "1993.??.??"]
[Round "?"]
[White "Nadyrhanov, S."]
[Black "Serper, G."]
[Result "1/2-1/2"]
[WhiteElo "2450"]
[BlackElo "2590"]
[PlyCount "45"]
[EventDate "1993.??.??"]
[Source "ChessBase"]
[SourceDate "1993.02.01"]

1. e4 c5 2. g3 d5 3. exd5 Qxd5 4. Nf3 Bg4 5. Bg2 Qe6+ 6. Kf1 Nc6 7. h3 Bh5 8. Nc3 Qd7 9. Ne5 Bxd1 10. Nxd7 Bxc2 11. Nxc5 O-O-O 12. b4 e6 13. Nxb7 Kxb7 14. b5 Nge7 15. Ba3 Nd5 16. bxc6+ Kxc6 17. Nxd5 exd5 18. Bxf8 Bd3+ 19. Kg1 Rhxf8 20. Rc1+ Kd6 21. Rc3 Be4 22. Bxe4 dxe4 23. d3 1/2-1/2

[Event "Buenos Aires"]
[Site "Buenos Aires ARG"]
[Date "1992.??.??"]
[Round "?"]
[White "Morovic Fernandez, Ivan E"]
[Black "Ricardi, Pablo"]
[Result "1-0"]
[WhiteElo "2565"]
[BlackElo "2465"]
[PlyCount "103"]
[EventDate "1992.04.??"]
[Source "www.chesslib.no"]
[SourceDate "2004.05.04"]

1. e4 c5 2. g3 Nc6 3. Bg2 g6 4. d3 Bg7 5. f4 e6 6. Nf3 Nge7 7. O-O d5 8. e5 b6 9. c3 Ba6 10. Na3 Qd7 11. Nc2 Rd8 12. Re1 d4 13. c4 Nf5 14. b3 Bb7 15. g4 Ne3 16. Bxe3 dxe3 17. Rxe3 h5 18. g5 h4 19. Bh3 Ba8 20. Qd2 Qb7 21. Rf1 Ke7 22. b4 Ke8 23. b5 Nd4 24. Ncxd4 cxd4 25. Ree1 Bf8 26. Qg2 Bb4 27. Rb1 Qe7 28. Rb3 Bc3 29. Qg4 Qb7 30. Bg2 h3 31. Bxh3 Bd2 32. Bg2 Be3+ 33. Kh1 Ke7 34. Ne1 Rh7 35. Bxb7 Bxb7+ 36. Nf3 Rdh8 37. Rb2 Rh4 38. Rg2 Rxg4 39. Rxg4 a6 40. bxa6 Bc6 41. Kg2 Ra8 42. a4 Rxa6 43. Ra1 b5 44. cxb5 Bxb5 45. Ne1 Bc6+ 46. Kg3 Bd2 47. Nf3 Bc3 48. Rc1 Bd7 49. Rh4 Rxa4 50. Rh7 Bb5 51. Rb1 Bc6 52. Nh4 1-0

[Event "Ubeda op"]
[Site "Ubeda"]
[Date "1999.01.25"]
[Round "6"]
[White "Minasian, Artashes"]
[Black "Konguvel, Ponnuswamy"]
[Result "1-0"]
[WhiteElo "2620"]
[BlackElo "2410"]
[PlyCount "65"]
[EventDate "1999.01.??"]
[Source "ChessBase"]
[SourceDate "1999.03.01"]

1. e4 c5 2. g3 d5 3. exd5 Qxd5 4. Nf3 Bg4 5. Bg2 Nc6 6. O-O Qd7 7. d3 Nf6 8. Re1 O-O-O 9. Be3 e5 10. Nbd2 Nd5 11. Nc4 f6 12. a4 h5 13. a5 h4 14. c3 hxg3 15. fxg3 Nxe3 16. Nxe3 Bh3 17. Bh1 Qxd3 18. Qa4 Bd7 19. a6 b5 20. Qb3 b4 21. Nc4 Kc7 22. Rad1 Qh7 23. Nh4 g5 24. Be4 Qh5 25. Qa4 gxh4 26. Qb5 Rb8 27. Rxd7+ Kxd7 28. Qxc6+ Ke7 29. Qc7+ Ke6 30. Ne3 f5 31. Bxf5+ Kf6 32. Nd5+ Kg5 33. Qxe5 1-0

[Event "SSKK Bulletinen 40 years"]
[Site "SSKK Bulletinen 40 years"]
[Date "1994.??.??"]
[Round "?"]
[White "Stern, Dieter"]
[Black "Carlsson, Anders Ingvar"]
[Result "1-0"]
[WhiteElo "2575"]
[BlackElo "2455"]
[PlyCount "51"]
[EventDate "1994.??.??"]
[Source "www.chesslib.no"]
[SourceDate "2004.05.04"]

1. e4 c5 2. g3 Nc6 3. Bg2 g6 4. f4 Bg7 5. d3 e6 6. Nf3 Nge7 7. O-O O-O 8. c3 d5 9. Na3 b6 10. e5 Ba6 11. Be3 Qd7 12. Bf2 f6 13. exf6 Bxf6 14. Re1 Nf5 15. Nc2 d4 16. g4 dxc3 17. gxf5 cxb2 18. Rb1 gxf5 19. Ne5 Bxe5 20. fxe5 Qg7 21. d4 cxd4 22. Kh1 d3 23. Bxc6 dxc2 24. Qxc2 Qc7 25. Bh4 Kf7 26. Be8+ 1-0